Sports Quiz

Random Sports or Baseball Quiz

Opening Day Lineups: Dodgers Quiz Stats

 Plays Quiz Updated Apr 4, 2019

Score 0/261 Timer 17:00
12 Plays Today
Year Player % Correct
2013Clayton Kershaw
87.2%
2011Clayton Kershaw
87.1%
2012Clayton Kershaw
87.1%
2014Clayton Kershaw
86.8%
2015Clayton Kershaw
85.7%
2016Clayton Kershaw
84.1%
2008Matt Kemp
82.8%
2009Matt Kemp
82.8%
2010Matt Kemp
82.5%
2017Clayton Kershaw
81.1%
2013Adrian Gonzalez
80.7%
2011Matt Kemp
80%
2012Matt Kemp
80%
2014Adrian Gonzalez
79.7%
2013Matt Kemp
79.2%
2007Russell Martin
78.9%
2008Russell Martin
78.9%
2009Russell Martin
78.9%
2010Russell Martin
78.6%
1996Mike Piazza
78%
1995Mike Piazza
78%
1994Mike Piazza
78%
1993Mike Piazza
78%
1997Mike Piazza
78%
1998Mike Piazza
78%
2015Adrian Gonzalez
77.9%
2014Yasiel Puig
76.9%
2007Andre Ethier
76.5%
2008Andre Ethier
76.5%
2009Andre Ethier
76.5%
2010Andre Ethier
76.4%
2009Manny Ramirez
76.1%
2010Manny Ramirez
75.9%
2015Yasiel Puig
75.4%
2016Adrian Gonzalez
75.4%
2018Clayton Kershaw
75.1%
2016Yasiel Puig
73.6%
2011Andre Ethier
72.8%
2012Andre Ethier
72.8%
2013Andre Ethier
72%
2017Adrian Gonzalez
70.6%
2017Yasiel Puig
70%
2014Andre Ethier
69.7%
2016Justin Turner
68.4%
2014Hanley Ramirez
68.3%
2016Corey Seager
68.3%
2006Rafael Furcal
68.1%
2008Rafael Furcal
68.1%
2009Rafael Furcal
68.1%
2010Rafael Furcal
68%
2017Justin Turner
67.3%
2017Corey Seager
66.5%
2001Shawn Green
66.4%
2000Shawn Green
66.4%
2002Shawn Green
66.4%
2003Shawn Green
66.4%
2004Shawn Green
66.4%
2007Luis Gonzalez
65.8%
2005Jeff Kent
64.3%
2006Jeff Kent
64.3%
2007Jeff Kent
64.3%
2008Jeff Kent
64.3%
1993Eric Karros
64.1%
1994Eric Karros
64.1%
1995Eric Karros
64.1%
1996Eric Karros
64.1%
1997Eric Karros
64.1%
2001Eric Karros
64.1%
2000Eric Karros
64.1%
1999Eric Karros
64.1%
2002Eric Karros
64.1%
2008James Loney
63.7%
2009James Loney
63.7%
2014Justin Turner
63.5%
2010James Loney
63.4%
2018Yasiel Puig
62.7%
2015Joc Pederson
62.5%
2018Matt Kemp
62.3%
2013Carl Crawford
62.2%
2018Cody Bellinger
61.7%
2016Joc Pederson
61.6%
2013A.J. Ellis
61%
2013Mark Ellis
60.8%
2012AJ Ellis
60.8%
2012Mark Ellis
60.6%
2016Chase Utley
59.8%
1992Ramon Martinez
59.5%
Year Player % Correct
1996Ramon Martinez
59.5%
1995Ramon Martinez
59.5%
1998Ramon Martinez
59.5%
2007Ramon Martinez
59.5%
2014A.J. Ellis
59.4%
2018Corey Seager
59.2%
2000Adrian Beltre
59%
1999Adrian Beltre
59%
2002Adrian Beltre
59%
2003Adrian Beltre
59%
2004Adrian Beltre
59%
2011Rafael Furcal
58.9%
2017Joc Pederson
58.5%
2000Kevin Brown
57.9%
1999Kevin Brown
57.9%
2002Kevin Brown
57.9%
2008Andruw Jones
57.9%
2015Carl Crawford
57.3%
1997Hideo Nomo
56.6%
2003Hideo Nomo
56.6%
2004Hideo Nomo
56.6%
2015A.J. Ellis
56.6%
1994Raul Mondesi
55.8%
1995Raul Mondesi
55.8%
1996Raul Mondesi
55.8%
1997Raul Mondesi
55.8%
1998Raul Mondesi
55.8%
1999Raul Mondesi
55.8%
2017Yasmani Grandal
55.7%
2002Paul LoDuca
55.6%
2003Paul LoDuca
55.6%
2004Paul LoDuca
55.6%
2011James Loney
55.3%
2012James Loney
55.3%
1999Gary Sheffield
53.8%
2001Gary Sheffield
53.8%
2000Gary Sheffield
53.8%
2016A.J. Ellis
53.7%
2016Carl Crawford
53.3%
2019Cody Bellinger
53.3%
1993Orel Hershiser
52.8%
1994Orel Hershiser
52.8%
2018Enrique Hernandez
51.1%
2011Juan Uribe
50.6%
2012Juan Uribe
50.6%
2009Casey Blake
50.3%
2010Casey Blake
50.2%
2015Jimmy Rollins
50.1%
2014Juan Uribe
49.9%
2019Justin Turner
49.6%
2018Yasmani Grandal
48.9%
2007Juan Pierre
48.6%
2012Dee Gordon
48%
1992Eric Davis
47.8%
1993Eric Davis
47.8%
2005Derek Lowe
47.3%
2006Derek Lowe
47.3%
2007Derek Lowe
47.3%
2015Juan Uribe
46.9%
1991Darryl Strawberry
46.8%
1992Darryl Strawberry
46.8%
1993Darryl Strawberry
46.8%
2007Nomar Garciaparra
46.8%
2019Corey Seager
46.5%
1991Brett Butler
46.3%
1992Brett Butler
46.3%
1994Brett Butler
46.3%
1996Brett Butler
46.3%
1993Brett Butler
46.3%
1997Brett Butler
46.3%
2018Chris Taylor
44.5%
1996Todd Hollandsworth
44.2%
1997Todd Hollandsworth
44.2%
1998Todd Hollandsworth
44.2%
2015Howie Kendrick
43.7%
2019Enrique Hernandez
42.4%
2019Joc Pederson
42.2%
2008Brad Penny
41.1%
2000Devon White
40.4%
1999Devon White
40.4%
1994Henry Rodriguez
39.8%
1995Henry Rodriguez
39.8%
2019Hyun-Jin Ryu
39.8%
1998Eric Young
39.5%
1999Eric Young
39.5%
2014Scott Van Slyke
39.2%
2001Chan Ho Park
39.1%
Year Player % Correct
1994Delino DeShields
39.1%
1995Delino DeShields
39.1%
1996Delino DeShields
39.1%
2019Max Muncy
38.8%
1991Mike Scioscia
38.7%
1992Mike Scioscia
38.7%
2017Logan Forsythe
38.2%
2005J.D. Drew
37.6%
2006J.D. Drew
37.6%
2002Cesar Izturis
36.9%
2003Cesar Izturis
36.9%
2004Cesar Izturis
36.9%
2005Cesar Izturis
36.9%
2013Luis Cruz
36.7%
1991Eddie Murray
36.6%
2002Dave Roberts
36.3%
2003Dave Roberts
36.3%
2004Dave Roberts
36.3%
2000Todd Hundley
36.1%
1999Todd Hundley
36.1%
2009Orlando Hudson
35.3%
1999Mark Grudzielanek
35.1%
2001Mark Grudzielanek
35.1%
2000Mark Grudzielanek
35.1%
2002Mark Grudzielanek
35.1%
2010Blake DeWitt
34.7%
2008Blake DeWitt
34.6%
1997Wilton Guerrero
34%
2010Vicente Padilla
33.9%
2017Andrew Toles
33.6%
2009Hiroki Kuroda
33.6%
1997Todd Zeile
32.6%
1998Todd Zeile
32.6%
1992Jose Offerman
32.5%
1993Jose Offerman
32.5%
1995Jose Offerman
32.5%
1994Jose Offerman
32.5%
2004Milton Bradley
31.6%
2005Milton Bradley
31.6%
2018Logan Forsythe
31.4%
2019Austin Barnes
30.6%
2005Hee Seop Choi
30.2%
2006Jose Cruz, Jr.
30%
1993Tim Wallach
29.9%
1994Tim Wallach
29.9%
2003Fred McGriff
29.1%
2002Brian Jordan
28.9%
2003Brian Jordan
28.9%
1991Lenny Harris
28.8%
1992Lenny Harris
28.8%
1996Greg Gagne
28.5%
1997Greg Gagne
28.5%
2001Alex Cora
27.6%
2004Alex Cora
27.6%
2003Jolbert Cabrera
27.2%
2019A.J. Pollock
26.9%
2011Tony Gwynn
26.6%
2006Sandy Alomar, Jr.
26.1%
2011Rod Barajas
25.9%
1991Kal Daniels
25.4%
1992Kal Daniels
25.4%
2006Bill Mueller
25.3%
1991Tim Belcher
25.3%
2012Juan Rivera
24.7%
1991Alfredo Griffin
23.6%
2005Jason Phillips
23.6%
2013Justin Sellers
23.4%
1998Paul Konerko
23.2%
1992Juan Samuel
22.3%
1991Juan Samuel
22.3%
1993Jody Reed
21.7%
2001Tom Goodwin
20.8%
2011Jamey Carroll
20.5%
1998Jose Vizcaino
20.2%
2006Olmedo Saenz
20.1%
2004Juan Encarnacion
19.2%
2005Jose Valentin
19%
1995Dave Hansen
18.9%
2007Wilson Betemit
18.4%
1995Billy Ashley
17.9%
2000Kevin Elster
17.6%
2006Jason Repko
16.9%
2005Ricky Ledee
16.7%
2001Chad Kreuter
16%
1996Mike Blowers
15.9%
1998Trenidad Hubbard
13.3%
2001Chris Donnels
12.3%

You're not logged in!

Compare scores with friends on all Sporcle quizzes.
OR
Log In

Sporcle TV

Today on Sporcle TV


Watch our educational content, quiz creation guides, and fun videos on Sporcle TV.

Show Comments

Extras

Top Quizzes Today


Score Distribution

Your Account Isn't Verified!

In order to create a playlist on Sporcle, you need to verify the email address you used during registration. Go to your Sporcle Settings to finish the process.

Report this User

Report this user for behavior that violates our Community Guidelines.

Details: